000 00634nam a22002297a 4500
003 UA-OsUOA
001 42611
007 ta
008 20090302b un ||||| |||| 00| 0 ukr d
100 _aЛеськів Филимон
090 _a82-94
_bЛ51
942 _cBK
040 _aUA-OsUOA
_bukr
_cUA-OsUOA
_dUA-OsUOA
245 _aПіонерське життя в Канаді
_bСпомини й оповідання
300 _a104 с.
955 _a4
041 _aukr
080 _a82-94
260 _aСаскатун
_c1953
650 7 _a82 Література. Літературознавство
_2UDC
999 _c441109
_d441109